Statistics for Poll: How old are you ?

Click here to take the quiz!

General Stats

  • This quiz has been taken 50 times
  • The average score is 2 of 8

Answer Stats

AnswersYour answer% Correct
C- 15 to 20C- 15 to 20
49%
D- 20 to 25D- 20 to 25
40%
B- 10 to 15B- 10 to 15
33%
H- +40H- +40
28%
A- 0 to 10A- 0 to 10
23%
F- 30 to 35F- 30 to 35
21%
E- 25 to 30E- 25 to 30
19%
G- 35 to 40G- 35 to 40
19%

Score Distribution

Percentile by Number Answered

Percent of People with Each Score

Your Score History

You have not taken this quiz